00000000nam##2200000za#4500
0019.589943
003CaOODSP
00520210624195905
007cr |||||||||||
008150406|2001||||xxc|||||o    f|0| 0 eng|d
022 |a1488-5379
040 |aCaOODSP|beng
041 |aeng
041 |afre
043 |an-cn---
0861 |aFs97-6/2379-PDF
1101 |aCanada. |bDepartment of Fisheries and Oceans.
24510|aProceedings of the 28th Annual Aquatic Toxicity Workshop : |h[electronic resource]|bSeptember 30-October 3, 2001, Winnipeg, Manitoba / |cEditors: J.M. McKernan...et al.
260 |aWinnipeg - Manitoba : |bFisheries and Oceans Canada |c2001.
300 |a118p.
4901 |aCanadian technical report of fisheries and aquatic sciences|x1488-5379|vNo. 2379
546 |aPreliminary pages in English and French; Articles in their original language.
590 |a14-06-Supp|b2014-03-21
7201 |aMcKernan, J. M.
7760#|tComptes rendus du 28e atelier annuel sur la toxicité aquatique : |w(CaOODSP)9.542809
792 |tComptes rendus du 28e atelier annuel sur la toxicité aquatique : |efre|w(CaOODSP)9.589944
830#0|aCanadian technical report of fisheries and aquatic sciences,|x1488-5379|vNo. 2379|w(CaOODSP)9.500269
85640|ahttp://publications.gc.ca|qPDF|s6744 KB|uhttps://publications.gc.ca/collections/collection_2014/mpo-dfo/Fs97-6-2379.pdf|yNo. 2379